Historisch-biographische urkunden des mittleren reiches …

محفوظ في:

المؤلف الرئيسي: Sethe, Kurt, 1869-1934.

مؤلفون آخرون: Erichsen, W. (Wolja), 1890-1966.

التنسيق: كتاب

اللغة: Undetermined

سلاسل: Urkunden des aegyptischen Altertums ; 7. abt., hft. 1.

الموضوعات:

الوسوم: إضافة وسم

لا توجد وسوم, كن أول من يضع وسما على هذه التسجيلة!

رقم الطلب: PJ1501 .S8 v.7/1

LEADER 00816nam a2200205Ia 4500
008 220926s9999||||xx |||||||||||||| ||und||
050 4 |a PJ1501 .S8 v.7/1 
100 1 |a Sethe, Kurt, 1869-1934. 
245 1 0 |a Historisch-biographische urkunden des mittleren reiches … 
264 |c 1935-  |b J. C. Hinrichs   |a Leipzig  
300 |a v.   |c 29 cm. 
490 0 |a Urkunden des aegyptischen Altertums ; 7. abt., hft. 1. 
504 |a Issued in parts. 
650 4 |a Egypt -- History, Ancient -- Sources. 
650 4 |a Egyptian language -- Texts. 
650 4 |a Egyptian language -- Writing, Hieroglyphic. 
700 1 |a Erichsen, W. (Wolja), 1890-1966. 
942 |2 lcc  |c BK 
952 |0 0  |1 0  |2 lcc  |4 0  |6 PJ1501 S8 V.00007/00001  |7 1  |9 42947  |a ARCE  |b ARCE  |d 2022-09-26  |l 0  |o PJ1501 .S8 v.7/1  |r 2022-09-26 00:00:00  |w 2022-09-26  |y BK 
999 |c 49506  |d 49506